[Event "13. Golden Prague Open"]
[Site "Praha"]
[Date "2017.07.09"]
[Round "9.17"]
[White "Husa, Daniel"]
[Black "Mach, Petr"]
[Result "0-1"]
[WhiteElo "1660"]
[BlackElo "1669"]
[Annotator ""]
[Source ""]
[Remark ""]

1.Nf3 c5 2.g3 d5 3.Bg2 Nc6 4.d3 e5 5.Nbd2 Nf6 6.e4 Be7 7.O-O
O-O 8.exd5 Nxd5 9.Nc4 f6 10.Ne3 Be6 11.Ne1 Rc8 12.Bd2 b5 13.a3
c4 14.Rc1 cxd3 15.Nxd3 Nd4 16.c3 Nxe3 17.Bxe3 Nb3 18.Rb1 Bc4
19.Re1 Qxd3 20.Qxd3 Bxd3 21.Bd5+ Kh8 22.Bxb3 Bxb1 23.Rxb1 a6
24.Kf1 Rfd8 25.Ke2 Bc5 26.Bxc5 Rxc5 27.Rd1 Rxd1 28.Kxd1 h5 29.h4
Kh7 30.Bc2+ Kh6 31.Be4 g5 32.Kc2 gxh4 33.gxh4 Rc4 34.f3 f5 35.Bxf5
Rxh4 36.Bc8 Ra4 37.b3 Rxa3 38.Kb2 Ra5 39.c4 b4 40.Kc2 Kg5 41.Kd3
Kf4 42.Ke2 h4 43.Bd7 Kg3 44.Ke3 h3 45.Bxh3 Kxh3 46.f4 exf4+ 47.Kxf4
Ra3 48.Ke4 Rxb3 49.Kd5 Rc3 50.Kc5 a5 51.Kb5 b3 0-1

[Event "13. Golden Prague Open"]
[Site "Praha"]
[Date "2017.07.09"]
[Round "9.18"]
[White "Barton, Milan"]
[Black "Bartos, Vaclav"]
[Result "1-0"]
[WhiteElo "1823"]
[BlackElo "1433"]
[Annotator ""]
[Source ""]
[Remark ""]

1.e4 c5 2.Nf3 e6 3.e5 Nc6 4.Bb5 Nge7 5.c3 a6 6.Bxc6 Nxc6 7.O-O
Be7 8.d3 b6 9.c4 Bb7 10.Nc3 g5 11.h3 h5 12.Ne4 g4 13.hxg4 hxg4
14.Nfg5 Nxe5 15.f4 Bxg5 16.Nd6+ Ke7 17.fxe5 1-0

[Event "13. Golden Prague Open"]
[Site "Praha"]
[Date "2017.07.09"]
[Round "9.19"]
[White "Vit, Zdenek"]
[Black "Nemecek, Pavel ml."]
[Result "1-0"]
[WhiteElo "1889"]
[BlackElo "1363"]
[Annotator ""]
[Source ""]
[Remark ""]

1.e4 d5 2.exd5 Qxd5 3.Nc3 Qa5 4.d4 Nf6 5.Bd3 c6 6.h3 Qc7 7.Nge2
e6 8.Bf4 Bd6 9.Qd2 Nbd7 10.O-O-O b5 11.Bxd6 Qxd6 12.g4 O-O 13.g5
Nd5 14.Ne4 Qb4 15.N4c3 N7b6 16.Nxd5 Qxd2+ 17.Kxd2 Nxd5 18.c3
Re8 19.f4 a5 20.a3 b4 21.Be4 bxa3 22.c4 Ne7 23.bxa3 Ba6 24.Kc3
Rac8 25.Ng3 Red8 26.f5 Nd5+ 27.Bxd5 cxd5 28.c5 Re8 29.fxe6 Rxe6
30.Rhe1 g6 31.Rb1 Rxe1 32.Rxe1 Rb8 33.Kc2 Kf8 34.Re3 a4 35.Ne2
Rb3 36.Kd2 Rb2+ 37.Kc1 Bxe2 38.Rxe2 Rb3 39.c6 Rc3+ 40.Rc2 Rxc2+
41.Kxc2 Ke7 42.Kc3 Kd6 43.Kb4 Kxc6 44.Kxa4 Kd6 45.Kb5 f5 46.gxf6
Ke6 47.a4 Kxf6 48.a5 h5 49.a6 Kg5 50.a7 Kh4 51.a8Q Kxh3 52.Qxd5
g5 53.Qxg5 h4 54.d5 1-0

[Event "13. Golden Prague Open"]
[Site "Praha"]
[Date "2017.07.09"]
[Round "9.20"]
[White "Day, Tobias"]
[Black "Scipione, Andrea"]
[Result "1-0"]
[WhiteElo "1315"]
[BlackElo "1312"]
[Annotator ""]
[Source ""]
[Remark ""]

1.e4 c5 2.f4 e6 3.Nf3 Ne7 4.Nc3 Nbc6 5.Bc4 d5 6.Bb3 dxe4 7.Nxe4
Ng6 8.d3 Bd6 9.g3 O-O 10.O-O e5 11.fxe5 Ncxe5 12.Nxd6 Qxd6 13.Nxe5
Qxe5 14.c3 Bh3 15.Re1 Qd6 16.Qf3 Kh8 17.Qd5 Qb6 18.Be3 Qf6 19.Bxc5
Rfd8 20.Qxf7 Qc6 21.Qf2 Rxd3 22.Re3 Rad8 23.Rxd3 Rxd3 24.Rd1
Rxd1+ 25.Bxd1 a6 26.Bf3 Qd7 27.Qd4 Qe8 28.Qf2 b5 29.Qe3 Qd7 30.Bd4
h6 31.Qxh6+ Kg8 32.Qxg6 Qe7 33.Qe4 Qg5 34.Qe8+ Kh7 35.Qe4+ Kh6
36.Qh4+ Qxh4 37.gxh4 Be6 38.Bb7 a5 39.Bb6 a4 40.Bc6 Bxa2 41.Bxb5
Kh5 42.Bxa4 Kxh4 43.b4 g5 44.Bf2+ 1-0

[Event "13. Golden Prague Open"]
[Site "Praha"]
[Date "2017.07.09"]
[Round "9.21"]
[White "Rezek, Filip"]
[Black "Plate, Marion Helga"]
[Result "1-0"]
[WhiteElo "1435"]
[BlackElo "1564"]
[Annotator ""]
[Source ""]
[Remark ""]

1.d4 Nf6 2.c4 g6 3.Nc3 Bg7 4.e4 d6 5.Bd3 e5 6.d5 c6 7.Nge2 Nh5
8.O-O O-O 9.f4 f5 10.exf5 Bxf5 11.Bxf5 Rxf5 12.g4 Rxf4 13.gxh5
Rg4+ 14.Ng3 gxh5 15.Be3 Nd7 16.Kh1 Nf6 17.Nxh5 Rxc4 18.Nxf6+
Bxf6 19.Qf3 Bh4 20.Qf7+ Kh8 21.Bh6 Rg4 22.Rg1 Qe7 23.Qxe7 Rxg1+
24.Rxg1 Bxe7 25.Bg7+ Kg8 26.Bxe5+ Kf7 27.Rg7+ Kf8 28.Rxh7 Rd8
29.Bf4 Re8 30.h4 Kg8 31.Rh6 Kg7 32.Re6 cxd5 33.Bxd6 Kf7 34.Rxe7+
Rxe7 35.Bxe7 Kxe7 36.Nxd5+ Kf7 37.Kg2 a5 38.Kf3 Ke6 39.Nc3 Kf5
40.a3 Kg6 41.Kg4 Kf6 42.h5 Kg7 43.Kg5 b6 44.a4 1-0

[Event "13. Golden Prague Open"]
[Site "Praha"]
[Date "2017.07.09"]
[Round "9.22"]
[White "Vavrova, Jirina"]
[Black "Rous, Dominik"]
[Result "0-1"]
[WhiteElo "1095"]
[BlackElo "1148"]
[Annotator ""]
[Source ""]
[Remark ""]

1.e4 e5 2.Nf3 Nc6 3.Nc3 Bc5 4.Bc4 d6 5.d3 Nf6 6.Ng5 O-O 7.a3
h6 8.Bxf7+ Rxf7 9.Nxf7 Kxf7 10.b4 Bd4 11.Bd2 Qf8 12.b5 Ne7 13.h3
Ke8 14.Rb1 Nfd5 15.Qh5+ g6 16.Qe2 Nxc3 17.Bxc3 Bxc3+ 18.Kf1 Be6
19.f3 Qf4 20.a4 Qd2 21.Rd1 Qxe2+ 22.Kxe2 d5 23.g4 dxe4 24.dxe4
a6 25.Rd3 Bc4 26.Ke3 Bxd3 27.Kxd3 Bd4 28.h4 axb5 29.axb5 Ra3+
30.Ke2 Re3+ 31.Kd2 Rxf3 32.Rb1 Rf4 33.c3 Bc5 34.Ra1 Rxg4 35.Ra8+
Kd7 36.Rh8 Rxh4 37.c4 h5 38.Rh7 Rf4 39.Kd3 Rf3+ 40.Ke2 Re3+ 41.Kd2
Rxe4 42.Kd3 Rf4 43.Rh8 h4 44.Rb8 b6 45.Ra8 h3 46.Ra1 h2 47.Rh1
Rh4 48.Ke2 e4 49.Kf1 Bd6 50.Ke2 Rg4 51.Ke3 Rg1 52.Rxh2 Bxh2 53.Kxe4
Rf1 54.Ke3 g5 55.Ke2 Rf8 56.Kd3 g4 57.Kd4 g3 58.c5 bxc5+ 59.Kxc5
g2 60.b6 g1Q+ 61.Kb5 Qxb6+ 62.Kc4 Qd6 63.Kb5 Rf5+ 64.Kc4 Qf4+
65.Kd3 Re5 66.Kc3 Re3+ 67.Kd2 Qf2+ 68.Kd1 Re1# 0-1

[Event "13. Golden Prague Open"]
[Site "Praha"]
[Date "2017.07.09"]
[Round "9.23"]
[White "Zednik, Petr"]
[Black "Zubek, Rudolf"]
[Result "1-0"]
[WhiteElo "1533"]
[BlackElo "1349"]
[Annotator ""]
[Source ""]
[Remark ""]

1.e4 d6 2.d4 e6 3.c4 b6 4.Nc3 Be7 5.Nf3 Nf6 6.Be2 h6 7.O-O O-O
8.Be3 Bb7 9.Qc2 Nc6 10.a3 Qd7 11.Rfd1 Ba6 12.b4 Nd8 13.b5 Bb7
14.e5 Nh7 15.c5 bxc5 16.dxc5 Qe8 17.c6 Bc8 18.a4 a6 19.Qd2 f6
20.exd6 Bxd6 21.Ne4 Nf7 22.Nxd6 cxd6 23.Rac1 Qe7 24.b6 Bb7 25.cxb7
Qxb7 26.Rc7 Qe4 27.b7 Ra7 28.Bxa7 1-0